000 01274cam a2200373 i 4500
001 59689
003 Mx-PuUPA
005 20250714123738.0
008 140415s2010 mx gr 001 0 spa d
020 _a9786074714661
020 _a9789687791777
_qde la colección Gran Angular
040 _cMx-PuUPA
_aMx-PuUPA
_bspa
_dMx-PuUPA
_erda
041 0 _aspa
100 1 _aCelis, Claudia,
_d1951-
_916183
_eautor
245 1 0 _aDonde habitan los ángeles /
_cClaudia Celis
250 _aDécima edición
264 1 _aMéxico, D. F. :
_bSM de Ediciones,
_c2010
300 _a124 páginas ;
_c21 cm
336 _2rdacontent
_atexto
_btxt
337 _2rdamedia
_asin medio
_bn
338 _2rdacarrier
_avolumen
_bnc
490 0 _aGran Angular ;
_v4M
500 _aReimpresiones: (primera reimpresión de la décima edición, 2010).
650 7 _2armarc
_aNiños abandonados
_vNovela
650 7 _2armarc
_aNovela mexicana
_ySiglo XX
650 7 _2armarc
_aAmor
_xLiteratura juvenil
650 7 _2armarc
_aSueños
_vNovela
655 4 _aNovela mexicana
942 _2ddc
_cLI
_h863.6
_iC32
999 _c59689
_d59689